Medio ambiente, educación y necesidades desde el punto de vista de la gestión ambiental / (Record no. 188949)

MARC details
000 -LEADER
campo de control de longitud fija 00834nam a2200205 i 4500
001 - NÚMERO DE CONTROL
campo de control 188949
003 - IDENTIFICADOR DE NÚMERO DE CONTROL
campo de control ES-MaACL
005 - FECHA Y HORA DE LA ÚLTIMA TRANSACCIÓN
campo de control 20250828001649.0
008 - DATOS DE LONGITUD FIJA--INFORMACIÓN GENERAL
campo de control de longitud fija 190305s1982 sp |||| | spa d
100 1# - ENTRADA PRINCIPAL--NOMBRE DE PERSONA
Nombre de persona Montes Martínez, José Mª.
9 (RLIN) 166530
245 10 - MENCIÓN DEL TÍTULO
Título Medio ambiente, educación y necesidades desde el punto de vista de la gestión ambiental /
Mención de responsabilidad, etc. José Mª Montes Martínez.
260 ## - PUBLICACIÓN, DISTRIBUCIÓN, ETC.
Lugar de publicación, distribución, etc. [Madrid :
Nombre del editor, distribuidor, etc. CIFCA,
Fecha de publicación, distribución, etc. 1982?]
300 ## - DESCRIPCIÓN FÍSICA
Extensión 19 p. ;
Dimensiones 30 cm.
490 1# - MENCIÓN DE SERIE
Mención de serie Opiniones. Sectores específicos. Educación y medio ambiente ;
Designación de volumen o secuencia 1
650 07 - PUNTO DE ACCESO ADICIONAL DE MATERIA--TÉRMINO DE MATERIA
Término de materia o nombre geográfico como elemento de entrada Educación ambiental
Fuente del encabezamiento o término embne
9 (RLIN) 12086
710 2# - ENTRADA AGREGADA--NOMBRE DE ENTIDAD CORPORATIVA
Nombre de entidad corporativa o nombre de jurisdicción como elemento de entrada Centro Internacional de Formación en Ciencias Ambientales (Madrid)
9 (RLIN) 166480
830 0# - PUNTO DE ACCESO ADICIONAL DE SERIE-TÍTULO UNIFORME
Título uniforme Opiniones. Sectores específicos. Educación y medio ambiente ;
Designación de volumen o secuencia 1
9 (RLIN) 193234
852 ## - LOCALIZACIÓN
Ubicación ES-MaACL
Número de control de estantería P-469-2
Holdings
Estatus retirado Estado de pérdida Estado de daño No para préstamo Biblioteca de origen Biblioteca actual Ubicación en estantería Fecha de adquisición Fuente de adquisición Total de préstamos Signatura topográfica completa Código de barras Visto por última vez Precio de reemplazo Tipo de ítem Koha
        Biblioteca del Ateneo de Madrid Biblioteca del Ateneo de Madrid Depósito 2 05/03/2019     P-469-2 1200098 23/02/2023 23/02/2023 Libro impreso